00996nam a2200277 a 450000100060000000300080000600500170001400800410003102000150007203500230008703500190011003500190012904000320014804100080018008200260018810000320021424501210024625000120036726000610037930000440044050000930048450400510057765000260062870000290065470000350068319542BD-RjUL20211209000439.0140224s1971 at a b 001 0 eng d a0195515544 a(OCoLC)ocm49383794 a(BD-RjUL)19602 a(BD-RjUL)19602 aANLcDLCdUKMdBD-RjULbeng aeng00a759.994221bSMA 19711 aSmith, Bernard,d1916-2011.10aAustralian painting, 1788-1970 /cBernard Smith ; with additional chapters by Terry Smith and Christopher Heathcote. a2ed ed. aSouth Melbourne, Vic. :bOxford University Press,c1971. ax, 483 p. :bill. (some col.) ;c25 cm. aPrevious ed. published as: Australian painting 1788-1990. Oxford University Press, 1991. aIncludes bibliographical references and index. 0aPainting, Australian.1 aSmith, Terryq(Terry E.)1 aHeathcote, Christopher,d1959-